| 000 | 01004nac a22003011u 4500 | ||
|---|---|---|---|
| 999 |
_c9828 _d9828 |
||
| 003 | EG-ScBUE | ||
| 005 | 20191202135520.0 | ||
| 008 | 190716s2003 enka 001 0 eng d | ||
| 020 | _a1405007648 | ||
| 020 | _a140500763X | ||
| 020 | _a9781405007641 | ||
| 040 |
_aEG-ScBUE _beng _erda _cEG-ScBUE _dEG-ScBUE |
||
| 082 | 0 | 4 |
_a428.24 _bVIN _222 |
| 100 | 1 |
_aVince, Michael, _eauthor. |
|
| 245 | 1 | 0 |
_aElementary language practice with key : _bEnglish grammar and vocabulary / _cMichael Vince, Kevin McNicholas. |
| 264 | 1 |
_aOxford : _bMacmillan Education, _c2003. |
|
| 300 |
_a288 pages : _billustrations ; _c26 cm |
||
| 336 |
_2rdacontent _atext _btxt |
||
| 337 |
_2rdamedia _aunmediated _bn |
||
| 338 |
_2rdacarrier _avolume _bnc |
||
| 500 | _aIncludes index. | ||
| 590 | _aamira yasser | ||
| 650 | 7 |
_aEnglish language _xGrammar _xProblems, exercises, etc. _2BUEsh |
|
| 653 |
_bHHUUEENN _cDecember2019 |
||
| 655 | _vReading book | ||
| 700 | 1 |
_aMcnicholas, Kevin, _eauthor. |
|
| 942 |
_cBB _k428.24VIN _2ddc |
||